Rol del director de la gestión de descentralización en el Centro Educativo Manuel Acevedo Serrano del Distrito Educativo 06- 05, Cutupú, La Vega correspondiente al período 2011-2012 (Record no. 255)

MARC details
000 -LEADER
campo de control de longitud fija 02788nam a2200577Ia 4500
001 - NÚMERO DE CONTROL
campo de control 287
008 - DATOS DE LONGITUD FIJA--INFORMACIÓN GENERAL
campo de control de longitud fija 241029s9999 xx 000 0 und d
010 ## - NÚMERO DE CONTROL DE LA BIBLIOTECA DEL CONGRESO
Número de control de LC 255
041 ## - CÓDIGO DE IDIOMA
Código de lengua del texto/banda sonora o título independiente Español
082 ## - NÚMERO DE LA CLASIFICACIÓN DECIMAL DEWEY
Número de clasificación MGC12-014
245 #0 - MENCIÓN DEL TÍTULO
Título Rol del director de la gestión de descentralización en el Centro Educativo Manuel Acevedo Serrano del Distrito Educativo 06- 05, Cutupú, La Vega correspondiente al período 2011-2012
260 ## - PUBLICACIÓN, DISTRIBUCIÓN, ETC.
Lugar de publicación, distribución, etc. Santiago
300 ## - DESCRIPCIÓN FÍSICA
Extensión 127
520 ## - RESUMEN, ETC.
Sumario, etc. 5
520 ## - RESUMEN, ETC.
Sumario, etc. El objetivo general de esta investigación fue determinar el rol del director de la gestión de descentralización en el Centro Educativo Manuel Acevedo Serrano del Distrito Educativo 06- 05  Cutupú, la Vega Correspondiente al periodo 2011-2012.El diseño de la  investigación fue no experimental, descriptivo y de campo, ya que buscó recolectar información de diferentes fuentes, por medio de la aplicación de instrumentos de recolecciones. En esta investigación se empleó el método deductivo.Sobre la función del director, el 87% de los maestros corroboró que éste realiza la función de  organización de ellos, el 78% coordinación y autoridad y el 71% liderazgo, coincidiendo con lo expuesto por el director y los órganos de participación.En lo referente al tipo de liderazgo que ejerce el director, se encontró  que el 74% de los docentes entienden que el liderazgo es participativo y  el 67% profesional y de gestiónEn cuanto  al nivel de conocimiento con relación al proceso de descentralización los docentes en un 74% dijeron que el director posee los conocimientos necesarios para el mismo.
630 ## - PUNTO DE ACCESO ADICIONAL DE MATERIA--TÍTULO UNIFORME
Título uniforme Actores Educativos
630 ## - PUNTO DE ACCESO ADICIONAL DE MATERIA--TÍTULO UNIFORME
Título uniforme Administración Educativa
630 ## - PUNTO DE ACCESO ADICIONAL DE MATERIA--TÍTULO UNIFORME
Título uniforme Centros Educativos
630 ## - PUNTO DE ACCESO ADICIONAL DE MATERIA--TÍTULO UNIFORME
Título uniforme Directores de Escuelas
630 ## - PUNTO DE ACCESO ADICIONAL DE MATERIA--TÍTULO UNIFORME
Título uniforme Gestión Escolar
650 ## - PUNTO DE ACCESO ADICIONAL DE MATERIA--TÉRMINO DE MATERIA
Término de materia o nombre geográfico como elemento de entrada Gestión Educativa
690 ## - PUNTO DE ACCESO ADICIONAL DE MATERIA LOCAL--TÉRMINO DE MATERIA (OCLC, RLIN)
Término de materia o nombre geográfico como elemento inicial Elaborado
700 ## - ENTRADA AGREGADA--NOMBRE PERSONAL
Término indicativo de función/relación asesor
Nombre de persona Mencía , Pedro
700 ## - ENTRADA AGREGADA--NOMBRE PERSONAL
Término indicativo de función/relación autor
Nombre de persona Candelario Rosario , Juana
700 ## - ENTRADA AGREGADA--NOMBRE PERSONAL
Término indicativo de función/relación autor
Nombre de persona Guzmán Monegro, Keyla Valentina
901 ## - ELEMENTOS DE DATOS A LOCAL LDA (RLIN)
a {"1":"Candelario Rosario ","2":"Guzmán Monegro"}
b {"1":"Juana","2":"Keyla Valentina "}
902 ## - ELEMENTOS DE DATOS B LOCAL, LDB (RLIN)
a 1
903 ## - ELEMENTOS DE DATOS C LOCAL, LDC (RLIN)
a {"1":"Mencía "}
b {"1":"Pedro"}
904 ## - ELEMENTOS DE DATOS D LOCAL, LDD (RLIN)
a Magíster en
905 ## - ELEMENTOS DE DATOS E LOCAL, LDE (RLIN)
a Educación
906 ## - ELEMENTOS DE DATOS F LOCAL, LDF (RLIN)
a 1
907 ## - ELEMENTOS DE DATOS G LOCAL, LDG (RLIN)
a Mención en
908 ## - COLOCAR PARÁMETRO DE COMANDO (RLIN)
Colocar parámetro de comando Gestión de Centros Educativos
909 ## -
-- Universidad Abierta para Adultos (UAPA), Recinto Santiago
910 ## - DATOS DE OPCIÓN DEL USUARIO (OCLC)
Datos de opción del usuario NULL
-- NULL
911 ## - EQUIVALENCIA O REFERENCIA-CRUZADA-NOMBRE DE CONFERENCIA O REUNIÓN/CONGRESO [LOCAL, CANADÁ]
Nombre de congreso/reunión o jurisdicción como elemento de entrada ["1"]
912 ## -
-- NO APLICA
913 ## -
-- NULL
914 ## -
-- 01 de Agosto de 2012
915 ## -
-- 30/09/14 09:09
916 ## -
-- NULL
917 ## -
-- NULL
918 ## -
-- NO APLICA
919 ## -
-- ["7","10","33","66","201"]
921 ## -
-- 11
922 ## -
-- 11
923 ## -
-- 0
924 ## -
-- NO APLICA
942 ## - ELEMENTOS DE ENTRADA SECUNDARIOS (KOHA)
Tipo de ítem Koha

No items available.

© 2024. Todos los Derechos Reservados. Desarrollado por IDEICE